Radost z učení : jak v dětech podpořit přirozenou touhu poznávat nové věci

Saved in:
Bibliographic Details
Main Author Solter, Aletha Jauch, 1945- (Author)
Other Authors Klimentová, Eva, 1962- (Translator)
Format Book
LanguageCzech
Published V Praze : Stanislav Juhaňák - Triton, 2026
Subjects
ISBN978-80-7684-465-0
Physical Description183 stran ; 20 cm

Cover

LEADER 00000nam a2200000 i 4500
001 115755
003 CZ ZlUTB
005 20260602073753.0
007 ta
008 260210s2026 xr e f 000 0 cze
015 |a cnb003740166 
020 |a 978-80-7684-465-0  |q (brožováno) 
040 |a ABA001  |b cze  |d BOA001  |e rda 
041 1 |a cze  |h eng 
072 7 |a 37  |x Výchova a vzdělávání  |2 Konspekt  |9 22 
080 |a 37.015.311-053.2  |2 MRF 
080 |a 316.362.1-055.52-055.62  |2 MRF 
080 |a 159.953.5  |2 MRF 
080 |a 159.913  |2 MRF 
080 |a 37.01  |2 MRF 
080 |a (0.062)  |2 MRF 
100 1 |a Solter, Aletha Jauch,  |d 1945-  |7 xx0182627  |4 aut 
240 1 0 |a Raising joyful lifelong learners.  |l Česky 
245 1 0 |a Radost z učení :  |b jak v dětech podpořit přirozenou touhu poznávat nové věci /  |c Aletha Solterová ; přeložila Eva Klimentová 
264 1 |a V Praze :  |b Stanislav Juhaňák - Triton,  |c 2026 
300 |a 183 stran ;  |c 20 cm 
336 |a text  |b txt  |2 rdacontent 
337 |a bez média  |b n  |2 rdamedia 
338 |a svazek  |b nc  |2 rdacarrier 
500 |a Přeloženo z angličtiny 
500 |a Terminologický slovník 
504 |a Obsahuje bibliografii 
650 0 7 |a výchova dítěte  |7 ph127420  |2 czenas 
650 0 7 |a rodiče a děti  |7 ph116053  |2 czenas 
650 0 7 |a učení  |7 ph126979  |2 czenas 
650 0 7 |a zvládání stresu  |7 ph135858  |2 czenas 
650 0 7 |a vzdělávání  |7 ph127311  |2 czenas 
650 0 9 |a child rearing  |2 eczenas 
650 0 9 |a parents and children  |2 eczenas 
650 0 9 |a learning  |2 eczenas 
650 0 9 |a stress management  |2 eczenas 
650 0 9 |a education  |2 eczenas 
653 0 |a vědomé rodičovství 
653 0 |a řízené objevování (pedagogika) 
655 7 |a populárně-naučné publikace  |7 fd131864  |2 czenas 
655 9 |a popular works  |2 eczenas 
700 1 |a Klimentová, Eva,  |d 1962-  |7 js20020304030  |4 trl 
710 2 |a Nakladatelství Triton  |7 kn20131022019  |4 pbl 
910 |a ZLD002 
928 9 |a Triton 
942 |2 udc 
952 |0 0  |1 0  |4 0  |6 37SOLTERAJ  |7 -1  |8 BOOK  |9 191400  |a UTBZL  |b UTBZL  |c 005  |d 2026-06-02  |l 0  |o 37/SOLTER,A.J.  |p 420010202240  |r 2026-06-02 07:38:34  |v 329.00  |w 2026-06-02  |x N:nákup  |y 01 
952 |0 0  |1 0  |4 0  |6 37SOLTERAJ  |7 0  |8 BOOK  |9 191401  |a UTBZL  |b UTBZL  |c 006  |d 2026-06-02  |l 1  |o 37/SOLTER,A.J.  |p 420010202241  |q 2026-09-07  |r 2026-06-02 10:25:58  |s 2026-06-02  |v 329.00  |w 2026-06-02  |x N:nákup  |y 04 
992 |a BK  |b SKNEW 
999 |c 115755  |d 115755